Biznis etiketa - dôležitá súčasť rokovania v USA

Vlastnosti amerických biznismenov. Rozdiely v správaní sa amerických a európskych biznismenov.

Guardado en:
Detalles Bibliográficos
Autor principal: Borec, Tomáš
Formato: Capítulo de libro
Lenguaje:eslovaco
Materias:
Etiquetas: Agregar Etiqueta
Sin Etiquetas, Sea el primero en etiquetar este registro!

MARC

LEADER 00000naa$a2200000$$$4500
001 0085705
005 20230929121739.9
041 0 |a slo 
044 |a SK 
245 1 0 |a Biznis etiketa - dôležitá súčasť rokovania v USA  |c Tomáš Borec 
520 |a Vlastnosti amerických biznismenov. Rozdiely v správaní sa amerických a európskych biznismenov. 
610 2 0 |a rokovania obchodné 
610 2 0 |a zvyklosti obchodné 
610 2 0 |a zvyklosti kultúrne 
610 2 0 |a USA 
610 2 0 |a podnikatelia 
610 2 0 |a Európa 
100 1 |a Borec, Tomáš